• 首页
  • 本馆介绍
  • 公告通知
  • 最新文献
  • 馆藏检索
  • 电子资源
  • 读者导购
  • 参考咨询
  • 我的图书馆
  • 登录
  • 详细信息显示
  • 放入我的书架
  • 预约/预借图书
  • 作者相关作品
  • 分类相关作品
  • 丛书相关作品
  • 出版社相关作品

书目信息

  • 表格格式
  • 工作单格式
  • 卡片格式
题名:
中华人民共和国药典
    
 
作者: ;中华人民共和国卫生部药典委员会 编
分册: 一部  
出版信息: 北京   人民卫生出版社  1985
页数: 478,83,42页
开本: 26cm
丛书名:
单 册:
中图分类: R921.2
科图分类:
主题词: 药典--中国--1985
电子资源:
ISBN:
000 00820nam0 2200229 45
001 0185016513
005 20061122142645.76
010    @b精装@dCNY9.90
091    @a14048.5097
100    @a19951113d1985 em y0chiy0121 ea
101 0  @achi
102    @aCN@b110000
105    @ay z 000yy
200 10 @a中华人民共和国药典@Azhong hua ren min gong he guo yao dian@e一九八五年版@h一部@f中华人民共和国卫生部药典委员会编@Fzhong hua ren min gong he guo wei sheng bu yao dian wei yuan hui bian
210    @a北京@c人民卫生出版社@d1985
215    @a478,83,42页@d26cm
606    @a药典@y中国@z1985
690    @aR921.2@v3
711 02 @a中华人民共和国卫生部药典委员会@4编@Azhong hua ren min gong he guo wei sheng bu yao dian wei yuan hui
801  2 @aCN@bNLC@c20061122
801  0 @aCN@bTSSF
905    @a10447@dR921.2@e11(1985):1
    
    中华人民共和国药典:一九八五年版.一部/中华人民共和国卫生部药典委员会编.-北京:人民卫生出版社,1985
    478,83,42页;26cm
    
    
    ISBN (精装):CNY9.90
    
●
相关链接 在E读中查询图书 在五车中查询图书 在当当中查询图书 在豆瓣中查询图书


正题名:中华人民共和国药典     索取号:R921.2/11(1985):1         预约/预借

序号 登录号 条形码 馆藏地/架位号 状态 备注
1 0141478   000557515   第二样本阅览室/ [索取号:R921.2/11(1985):1] 在馆    
唐山师范学院图书馆 欢迎您!
大连网信软件有限公司© 版权所有